Les 12 principales Aires urbaines de France. - Statistiques

Statistiques générales
  • Ce quiz a été pris 1 166 fois
  • Le résultat moyen est 10 sur 12
Statistiques - réponses
Région. Aire Urbaine. % Correct
Île de France. Paris.
99%
Hauts-De-France. Lille
94%
Provence-Alpes-Côte d'Azur. Marseille.
93%
Auvergne-Rhônes-Alpes. Lyon.
88%
Occitanie. Toulouse.
87%
Nouvelle-Aquitaine. Bordeaux.
85%
Alsace. Strasbourg.
85%
Provence-Alpes-Côte d'Azur. Nice.
81%
Bretagne. Nantes.
80%
Bretagne. Rennes.
80%
Auvergne-Rhônes-Alpes. Grenoble.
58%
Occitanie. Montpellier.
58%
Aucun quiz correspondant
Distribution des résultats
% des personnes avec chaque résultat
Percentile par nombre de réponses
Votre historique - résultats
Vous n’avez pas pris ce quiz